| 000 | 00437cam a22001698a 4500 | ||
|---|---|---|---|
| 020 | _a9781432941826 (hc) | ||
| 040 | _cDLC | ||
| 082 | 0 | 0 | _a577 RAI 2011 A029 Or. |
| 100 | 1 | _aMorgan, Ben, | |
| 245 | 1 | 0 | _aTropical grasslands / |
| 260 |
_aChicago, Ill. : _bRaintree, _cc2011. |
||
| 300 |
_a64 p. : _bcol. ill., col. maps ; _ccm. |
||
| 490 | 0 | _aBiomes atlases | |
| 650 | 0 | _aGrassland ecology | |
| 650 | 0 | _aGrassland ecology | |
| 942 | _cEK | ||
| 999 |
_c11618 _d11618 |
||